The noble scholar, jurist, historian


 His Excellency Dr. Abdul Wahhab bin Ibrahim Abu Sulaiman, may Allah have mercy on him.


 He was born in Umm Al-Qura in the year 1356 AH.

معهد خادم الحرمين الشريفين لأبحاث الحج. (Record no. 4367)

MARC details
000 -LEADER
fixed length control field 01259caa a2200277 ib4500
003 - CONTROL NUMBER IDENTIFIER
control field SA-RiAUC
005 - DATE AND TIME OF LATEST TRANSACTION
control field 20250102100224.0
008 - FIXED-LENGTH DATA ELEMENTS--GENERAL INFORMATION
fixed length control field 241215s2007 su g f000f0 ara c
040 ## - CATALOGING SOURCE
Original cataloging agency SA-JeALM
Language of cataloging ara
Transcribing agency SA-RiAUC
Description conventions rda
043 ## - GEOGRAPHIC AREA CODE
Geographic area code a-su---
082 04 - DEWEY DECIMAL CLASSIFICATION NUMBER
Classification number 252.5072
090 ## - LOCALLY ASSIGNED LC-TYPE CALL NUMBER (OCLC); LOCAL CALL NUMBER (RLIN)
Classification number (OCLC) (R) ; Classification number, CALL (RLIN) (NR) 252.5072
Local cutter number (OCLC) ; Book number/undivided call number, CALL (RLIN) م ع هـ
245 00 - TITLE STATEMENT
Title معهد خادم الحرمين الشريفين لأبحاث الحج.
246 37 - VARYING FORM OF TITLE
Title proper/short title مدارات الحج والعمرة
300 ## - PHYSICAL DESCRIPTION
Extent 1 صفحة
336 ## - CONTENT TYPE
Content type term نص
Content type code txt
Source rdacontent
Materials specified مقالة
337 ## - MEDIA TYPE
Media type term بدون وسيط
Media type code n
Source rdamedia
338 ## - CARRIER TYPE
Carrier type term مجلد
Carrier type code nc
Source rdacarrier
580 ## - LINKING ENTRY COMPLEXITY NOTE
Linking entry complexity note في : الحج والعمرة.
610 27 - SUBJECT ADDED ENTRY--CORPORATE NAME
Corporate name or jurisdiction name as entry element معهد خادم الحرمين الشريفين لأبحاث الحج والعمرة
Form subdivision مقالات ومحاضرات
Source of heading or term aucnm
611 27 - SUBJECT ADDED ENTRY--MEETING NAME
Meeting name or jurisdiction name as entry element الملتقى العلمي لأبحاث الحج
Number of part/section/meeting (8 :
Date of meeting or treaty signing 1428 هجري :
Location of meeting مكة المكرمة)
Form subdivision مقالات ومحاضرات
Source of heading or term aucnm
650 #7 - SUBJECT ADDED ENTRY--TOPICAL TERM
Topical term or geographic name entry element الحج
General subdivision بحوث
-- مؤتمرات
Form subdivision مقالات ومحاضرات
Source of heading or term aucsh
773 0# - HOST ITEM ENTRY
Title الحج والعمرة / وزارة الحج.
Related parts سنة 62، عدد 11 (ذو القعدة 1428 هجري [2007])، صفحة 9
International Standard Serial Number 23961319
942 ## - ADDED ENTRY ELEMENTS (KOHA)
Source of classification or shelving scheme Dewey Decimal Classification
Koha item type Books
Suppress in OPAC No
949 ## - LOCAL PROCESSING INFORMATION (OCLC)
a SA-JeALM
d 241215
u mohamedma123
n 1
Holdings
Withdrawn status Lost status Source of classification or shelving scheme Damaged status Not for loan Home library Current library Date acquired Total checkouts Full call number Barcode Date last seen Price effective from Koha item type
    Dewey Decimal Classification     DR AbdElwahab Library DR AbdElwahab Library 01/02/2025   252.5072 م ع هـ 000006796 01/02/2025 01/02/2025 Books